UEFA European Championship and European Cup/Champions League won in the same year - Statistics

General Stats
  • This quiz has been taken 227 times
    51 since last reset
  • The average score is 9 of 17
Answer Stats
Year National team Club Answer % Correct
2016 Portugal Real Madrid Cristiano Ronaldo
96%
2024 Spain Real Madrid Dani Carvajal
90%
2021 Italy Chelsea Jorginho
90%
2012 Spain Chelsea Juan Mata
77%
2016 Portugal Real Madrid Pepe
75%
2012 Spain Chelsea Fernando Torres
67%
2024 Spain Real Madrid Nacho Fernandez
67%
2021 Italy Chelsea Emerson Palmieri
60%
2024 Spain Real Madrid Joselu
46%
1964 Spain Inter Milan Luis Suarez
42%
1988 Netherlands PSV Eindhoven Ronald Koeman
40%
2000 France Real Madrid Nicolas Anelka
31%
2000 France Real Madrid Christian Karembeu
27%
1988 Netherlands PSV Eindhoven Hans van Breukelen
19%
1988 Netherlands PSV Eindhoven Berry van Aerle
17%
1988 Netherlands PSV Eindhoven Wim Kieft
15%
1988 Netherlands PSV Eindhoven Gerald Vanenburg
13%
No matching quizzes found
Score Distribution
Percent of People with Each Score
Percentile by Number Answered
Your Score History
You have not taken this quiz since the last reset